MARC

LEADER 00000nam0a2200000 4500
001 374448
005 20231102012642.0
035 |a (RuTPU)RU\TPU\retro\31882 
035 |a RU\TPU\book\303931 
090 |a 374448 
100 |a 20221219d1985 k y0rusy50 ca 
101 0 |a rus 
102 |a RU 
105 |a a z 001zy 
200 1 |a Элементы и устройства радиоэлектронных систем управления  |e [сборник трудов]  |f Ленинградский институт авиационного приборостроения (ЛИАП) ; под ред. К. В. Зайченко 
210 |a Ленинград  |c Изд-во ЛИАП  |d 1985 
215 |a 200 с.  |c ил. 
225 1 |a Межвузовский сборник [Ленинградского института авиационного приборостроения]  |v Вып. 179 
320 |a Библиогр. в конце ст. 
606 1 |a Радиоуправление  |2 stltpush  |3 (RuTPU)RU\TPU\subj\23288  |9 47910 
610 1 |a радиоэлектронные системы 
610 1 |a управление 
610 1 |a проектирование 
610 1 |a микропроцессорные элементы 
610 1 |a робастные системы 
610 1 |a цифровые устройства 
610 1 |a обработка 
610 1 |a цифровые сигналы 
610 1 |a помехи 
610 1 |a приемники 
610 1 |a математическое моделирование 
675 |a 621.396.93  |v 3 
702 1 |a Зайченко  |b К. В.  |4 340 
712 0 2 |a Ленинградский институт авиационного приборостроения (ЛИАП)  |2 stltpush  |3 (RuTPU)RU\TPU\col\5782 
801 1 |a RU  |b 63413507  |c 20150110 
801 2 |a RU  |b 63413507  |c 20221219  |g RCR 
942 |c BK